000 00621nas a2200229 4500
001 BR9104362
003 BR-BrBNA
005 20231205092200.0
007 ta
008 230509b bl.|||p| |||| 00| 00por d
040 _aBR-BrBNA
_bpor
_cBiblioteca Nacional de Agricultura
041 _a(Jan 1991)
072 _aF01
100 1 _aAnon.
245 1 _aViver de alcachofra exige muita cabeca
650 _aALCACHOFRA REDONDA
650 _aSAFRA
650 _aCOLHEITA
773 0 _tGuia Rural (Brazil)
_x
_g(Jan 1991), v. 5(1) p. 58-59
_wBR9104362
909 _a202311
_bLúcia
_c55
_dLúcia Elande
942 _2AGRIS
_n0
_cANA
999 _c129915
_d129915